| 000 -LEADER |
| fixed length control field |
01330cam a2200325 i 4500 |
| 001 - CONTROL NUMBER |
| control field |
4205039 |
| 003 - CONTROL NUMBER IDENTIFIER |
| control field |
NUST |
| 005 - DATE AND TIME OF LATEST TRANSACTION |
| control field |
20190917063709.0 |
| 008 - FIXED-LENGTH DATA ELEMENTS--GENERAL INFORMATION |
| fixed length control field |
810108s1981 dcua b 000 0 eng |
| 010 ## - LIBRARY OF CONGRESS CONTROL NUMBER |
| LC control number |
81000333 |
| 020 ## - INTERNATIONAL STANDARD BOOK NUMBER |
| International Standard Book Number |
0309031028 |
| 038 ## - RECORD CONTENT LICENSOR |
| Staff Name |
MSOHAIL |
| 040 ## - CATALOGING SOURCE |
| Original cataloging agency |
DLC |
| Transcribing agency |
DLC |
| Modifying agency |
DLC |
| 043 ## - GEOGRAPHIC AREA CODE |
| Geographic area code |
d------ |
| 050 00 - LIBRARY OF CONGRESS CALL NUMBER |
| Classification number |
TE153 |
| Item number |
.N3582 1981 |
| 082 00 - DEWEY DECIMAL CLASSIFICATION NUMBER |
| Classification number |
625.74 |
| Edition number |
19 |
| Author Mark |
TRB |
| 110 2# - MAIN ENTRY--CORPORATE NAME |
| Corporate name or jurisdiction name as entry element |
National Research Council (U.S.). |
| Subordinate unit |
Transportation Research Board. |
| 9 (RLIN) |
19676 |
| 245 10 - TITLE STATEMENT |
| Title |
Labor-based construction and maintenance of low-volume roads / |
| Statement of responsibility, etc. |
Transportation Research Board, Commission on Sociotechnical Systems, National Research Council. |
| 250 ## - EDITION STATEMENT |
| Edition statement |
Synthesis - 3 |
| 260 ## - PUBLICATION, DISTRIBUTION, ETC. |
| Place of publication, distribution, etc. |
Washington, D.C. : |
| Name of publisher, distributor, etc. |
National Academy of Sciences, |
| Date of publication, distribution, etc. |
1981. |
| 300 ## - PHYSICAL DESCRIPTION |
| Extent |
vi, 67 p. : |
| Other physical details |
ill. ; |
| Dimensions |
28 cm. |
| 440 #0 - SERIES STATEMENT/ADDED ENTRY--TITLE |
| Title |
Transportation technology support for developing countries : |
| Name of part/section of a work |
Synthesis ; |
| Volume/sequential designation |
3 |
| 9 (RLIN) |
20782 |
| 500 ## - GENERAL NOTE |
| General note |
"Prepared under contract AID/OTR-C-1591, project 931-1116, U.S. Agency for International Development." |
| 504 ## - BIBLIOGRAPHY, ETC. NOTE |
| Bibliography, etc. note |
Includes bibliographical references. |
| 650 #0 - SUBJECT ADDED ENTRY--TOPICAL TERM |
| Topical term or geographic name entry element |
Roads |
| Geographic subdivision |
Developing countries. |
| 9 (RLIN) |
20783 |
| 650 #0 - SUBJECT ADDED ENTRY--TOPICAL TERM |
| Topical term or geographic name entry element |
Labor supply |
| Geographic subdivision |
Developing countries. |
| 9 (RLIN) |
20784 |
| 710 1# - ADDED ENTRY--CORPORATE NAME |
| Corporate name or jurisdiction name as entry element |
United States. |
| Subordinate unit |
Agency for International Development. |
| 9 (RLIN) |
20781 |
| 906 ## - LOCAL DATA ELEMENT F, LDF (RLIN) |
| a |
7 |
| b |
cbc |
| c |
orignew |
| d |
1 |
| e |
ocip |
| f |
19 |
| g |
y-gencatlg |
| 942 ## - ADDED ENTRY ELEMENTS (KOHA) |
| Source of classification or shelving scheme |
|
| Koha item type |
Book |